South east Asian development : (Record no. 4465)
[ view plain ]
| 000 -LEADER | |
|---|---|
| fixed length control field | 00817cam a2200253 a 4500 |
| 001 - CONTROL NUMBER | |
| control field | 4465 |
| 003 - CONTROL NUMBER IDENTIFIER | |
| rucl marc code | BD-RjUL |
| 005 - DATE AND TIME OF LATEST TRANSACTION | |
| control field | 20211208233909.0 |
| 008 - FIXED-LENGTH DATA ELEMENTS--GENERAL INFORMATION | |
| fixed length control field | 131222r19921990enka 001 0 eng d |
| 020 ## - INTERNATIONAL STANDARD BOOK NUMBER | |
| International Standard Book Number | 0582301491 |
| International Standard Book Number | 0470216654 (Wiley) |
| 035 ## - SYSTEM CONTROL NUMBER | |
| System control number | (BD-RjUL)4500 |
| 040 ## - CATALOGING SOURCE | |
| Original cataloging agency | BD-RjUL |
| Language of cataloging | eng |
| Transcribing agency | BD-RjUL |
| 041 ## - LANGUAGE CODE | |
| Language code of text/sound track or separate title | eng |
| 082 00 - DEWEY DECIMAL CLASSIFICATION NUMBER | |
| Classification number | 338.959 |
| Edition number | 23 |
| Author mark and year | SOU 1992 |
| 245 00 - TITLE STATEMENT | |
| Title | South east Asian development : |
| Remainder of title | geographical perspectives / |
| Statement of responsibility, etc. | edited by Denis Dwyer |
| 260 ## - PUBLICATION, DISTRIBUTION, ETC. (IMPRINT) | |
| Place of publication, distribution, etc. | Harlow : |
| Name of publisher, distributor, etc. | Longman Scientific & Technical ; |
| Place of publication, distribution, etc. | New York : |
| Name of publisher, distributor, etc. | Wiley, |
| Date of publication, distribution, etc. | 1990 [reprinted 1992]. |
| 300 ## - PHYSICAL DESCRIPTION | |
| Pagination | xi, 315 p : |
| Illustrations | ill. ; |
| Size | 24 cm. |
| 504 ## - BIBLIOGRAPHY, ETC. NOTE | |
| Bibliography, etc | Includes index. |
| 651 #0 - SUBJECT ADDED ENTRY--GEOGRAPHIC NAME | |
| Geographic name | Southeast Asia |
| General subdivision | Economic conditions |
| 9 (RLIN) | 7544 |
| Geographic name | Southeast Asia |
| General subdivision | History |
| 9 (RLIN) | 14114 |
| 700 1# - ADDED ENTRY--PERSONAL NAME | |
| Personal name | Dwyer, D. J. |
| Fuller form of name | (Denis John) |
| 942 ## - ADDED ENTRY ELEMENTS (KOHA) | |
| Source of classification or shelving scheme | Dewey Decimal Classification |
| Koha item type | Books |
| Lost status | Source of classification or shelving scheme | Damaged status | Not for loan | Collection code | Permanent Location | Current Location | Shelving location | Date acquired | Source of acquisition | Cost, normal purchase price | Total Checkouts | Full call number | Date last seen | Copy number | Koha item type |
|---|---|---|---|---|---|---|---|---|---|---|---|---|---|---|---|
| Dewey Decimal Classification | Non-fiction | Central Library, University of Rajshahi | Central Library, University of Rajshahi | 24/08/1994 | Aligarh Library, Dhaka | 15.99 | 338.959 SOU 1992 | 22/12/2013 | C-4 | Books | |||||
| Dewey Decimal Classification | Not For Loan | Non-fiction | Central Library, University of Rajshahi | Central Library, University of Rajshahi | Reading Room | 24/08/1994 | Aligarh library, Dhaka | 15.99 | 338.959 SOU 1992 | 21/12/2016 | C-1 | Books |